[Event "Michigan Open"]
[Site "Romulus, MI"]
[Date "2000.09.03"]
[Round "4.11"]
[White "Herndon, Robert"]
[Black "Finegold, Mark"]
[Result "1/2-1/2"]
[WhiteElo "1811"]
[BlackElo "2266"]
[PlyCount "71"]
[EventDate "2000.09.01"]

1. e4 c5 2. Nf3 Nc6 3. d4 cxd4 4. Nxd4 Nf6 5. Nc3 e6 6. Ndb5 d6 7. Bf4 e5 8.
Bg5 a6 9. Bxf6 gxf6 10. Na3 f5 11. exf5 Bxf5 12. Bd3 Be6 13. Bc4 Qh4 14. Bd5
O-O-O 15. Nc4 Nb4 16. Ne3 Bh6 17. g3 Qd4 18. Bxe6+ fxe6 19. Qxd4 exd4 20. a3
Nc6 21. Ng4 Bg7 22. Ne4 h5 23. Ngf6 d5 24. Ng5 Bxf6 25. Nf7 Rh7 26. Nxd8 Kxd8
27. f4 Na5 28. O-O-O Nc4 29. Rde1 Kd7 30. Rhg1 Kd6 31. Rg2 b5 32. Rge2 e5 33.
fxe5+ Nxe5 34. Rf1 Bg5+ 35. Kb1 Nc4 36. Rf8 1/2-1/2

[Event "Michigan Open Reserve"]
[Site "Romulus, MI"]
[Date "2000.09.03"]
[Round "4.18"]
[White "Haygood, Norman"]
[Black "James, Larry"]
[Result "0-1"]
[WhiteElo "1416"]
[BlackElo "1701"]
[PlyCount "64"]
[EventDate "2000.09.01"]

1. e4 d5 2. exd5 Qxd5 3. Nc3 Qa5 4. d4 Nf6 5. Bd3 c6 6. Nge2 Bf5 7. O-O e6 8.
Bxf5 Qxf5 9. Ng3 Qg4 10. f3 Qg6 11. Nce2 h5 12. Nf4 Qh7 13. Re1 Bd6 14. Nxe6
fxe6 15. Rxe6+ Kd7 16. Qe2 Na6 17. Bg5 Rae8 18. Re1 Nc7 19. Re3 Rxe3 20. Bxe3
Re8 21. Qf2 Qg6 22. Nf1 Ncd5 23. c4 Nxe3 24. Rxe3 Rxe3 25. Nxe3 Qd3 26. c5 Bf4
27. Nf1 Nd5 28. g3 Be3 29. Nxe3 Nxe3 30. Qe1 Qxd4 31. Kh1 Qd1 32. Qg1 Qxf3+ 0-1

[Event "Michigan Open"]
[Site "Romulus, MI"]
[Date "2000.09.03"]
[Round "5.11"]
[White "Hahn, David"]
[Black "Aldrich, Jeff"]
[Result "1-0"]
[WhiteElo "2143"]
[BlackElo "1949"]
[PlyCount "31"]
[EventDate "2000.09.01"]

1. c4 Nf6 2. Nc3 c6 3. e4 e5 4. Nf3 d6 5. d4 exd4 6. Qxd4 Bg4 7. Bf4 Nh5 8. Be3
Be7 9. Be2 Qc7 10. O-O-O Nd7 11. h3 Bxf3 12. Bxf3 Nhf6 13. Bf4 Ne5 14. c5 Nxf3
15. gxf3 dxc5 16. Qxf6 1-0

[Event "Michigan Open Reserve"]
[Site "Romulus, MI"]
[Date "2000.09.03"]
[Round "2.63"]
[White "Gurski, Erin"]
[Black "Zuniga, Jesus"]
[Result "0-1"]
[WhiteElo "576"]
[BlackElo "1576"]
[PlyCount "36"]
[EventDate "2000.09.01"]

1. e4 e6 2. Nf3 d5 3. exd5 exd5 4. d4 Nf6 5. Bd3 Bd6 6. h3 O-O 7. Nc3 Re8+ 8.
Be3 Bb4 9. Nd2 Bxc3 10. bxc3 c6 11. O-O Ne4 12. Nxe4 dxe4 13. Bc4 Qh4 14. g3
Qxh3 15. d5 b5 16. Bb3 Bg4 17. Qd2 Bf3 18. dxc6 Qg2# 0-1

[Event "Michigan Open Reserve"]
[Site "Romulus, MI"]
[Date "2000.09.03"]
[Round "3.67"]
[White "Gurski, Erin"]
[Black "Sobh, Tarek"]
[Result "0-1"]
[WhiteElo "576"]
[BlackElo "1196"]
[PlyCount "62"]
[EventDate "2000.09.01"]

1. e4 c5 2. Nf3 Nc6 3. Bc4 a6 4. Ng5 e6 5. Nf3 d5 6. exd5 exd5 7. Be2 Be6 8. d3
Be7 9. Bf4 Nf6 10. Nc3 O-O 11. O-O Nh5 12. Be3 d4 13. Bxd4 cxd4 14. Nxd4 Nxd4
15. Bxh5 g6 16. Be2 Qd6 17. Ne4 Qe5 18. Re1 Qg7 19. Nc5 Bxc5 20. Qd2 Nxe2+ 21.
Rxe2 b6 22. Qc3 Bd4 23. Qc6 a5 24. Rb1 Qf6 25. Kf1 Rad8 26. c3 Be5 27. Qxb6
Bxa2 28. Rbe1 Qxb6 29. Rxe5 Qxb2 30. Rxa5 Rxd3 31. c4 Bxc4 0-1

[Event "Michigan Open Reserve"]
[Site "Romulus, MI"]
[Date "2000.09.03"]
[Round "6.61"]
[White "Gurski, Erin"]
[Black "Cox, Daniel"]
[Result "0-1"]
[WhiteElo "576"]
[BlackElo "927"]
[PlyCount "36"]
[EventDate "2000.09.01"]

1. e4 e5 2. Nf3 Nc6 3. Bc4 Qe7 4. d3 Nf6 5. Nc3 g6 6. Be3 Na5 7. O-O Nxc4 8.
dxc4 c6 9. Qe2 Bg7 10. Rfd1 O-O 11. Rd2 Rd8 12. Rad1 Ng4 13. Bg5 f6 14. Bh4 Bh6
15. Rd3 Bf8 16. h3 Nh6 17. Rd6 Bg7 18. Nd2 Qxd6 0-1

[Event "Michigan Open Reserve"]
[Site "Romulus, MI"]
[Date "2000.09.03"]
[Round "4.23"]
[White "Grzegorczyk, Ron"]
[Black "Avery, Bill"]
[Result "0-1"]
[WhiteElo "1581"]
[BlackElo "1594"]
[PlyCount "106"]
[EventDate "2000.09.01"]

1. e4 e6 2. Nf3 d5 3. exd5 exd5 4. d4 Nf6 5. Be3 Be7 6. Be2 O-O 7. O-O Nbd7 8.
c3 Re8 9. Nbd2 Nf8 10. Ne5 Bf5 11. Bb5 N6d7 12. Qf3 Nxe5 13. dxe5 Bd7 14. Qe2
c6 15. Bd3 Be6 16. f4 f5 17. Nf3 c5 18. Ng5 g6 19. Qf2 b6 20. Kh1 d4 21. cxd4
cxd4 22. Nxe6 Nxe6 23. Bd2 Rc8 24. Rac1 Rxc1 25. Rxc1 Qd7 26. Qf1 Rc8 27. Bc4
Kf7 28. Qd3 Rd8 29. Bb5 Qd5 30. Bc4 Qe4 31. Kg1 Qxd3 32. Bxd3 Ke8 33. Bb5+ Kf8
34. Kf2 g5 35. g3 gxf4 36. gxf4 Bh4+ 37. Kf3 Ke7 38. Be1 Bxe1 39. Rxe1 d3 40.
Rd1 d2 41. Bc4 Nc5 42. Ke2 Rd4 43. b3 Rxf4 44. Rxd2 Re4+ 45. Kf3 Rxe5 46. Kf4
Kf6 47. Rd6+ Ne6+ 48. Kf3 Ke7 49. Rd2 Re4 50. Bd3 Ng5+ 51. Kg2 Rd4 52. Re2+ Kf6
53. a4 Rxd3 0-1

[Event "Michigan Open"]
[Site "Romulus, MI"]
[Date "2000.09.03"]
[Round "2.54"]
[White "Grossman, Jay"]
[Black "Lehotzky, Attila"]
[Result "1-0"]
[WhiteElo "1849"]
[BlackElo "1998"]
[PlyCount "61"]
[EventDate "2000.09.01"]

1. Nf3 d5 2. g3 Nf6 3. d4 g6 4. Bg2 Bg7 5. c4 c6 6. Nc3 dxc4 7. Ne5 Nd5 8. Nxc4
Nxc3 9. bxc3 Be6 10. Qd3 Nd7 11. O-O Nf6 12. Rb1 Bc8 13. e4 O-O 14. Ba3 Re8 15.
Rfe1 b6 16. Ne3 Bb7 17. c4 Nh5 18. Bb2 Qd7 19. Red1 Rad8 20. Qe2 e6 21. e5 Bf8
22. Bf3 Ng7 23. Ng4 Nh5 24. Ne3 Ng7 25. Kg2 c5 26. d5 Nf5 27. d6 Bxf3+ 28. Qxf3
Nxe3+ 29. Qxe3 Qc6+ 30. Kh3 Rd7 31. f4 1-0

[Event "Michigan Open Reserve"]
[Site "Romulus, MI"]
[Date "2000.09.03"]
[Round "2.66"]
[White "Gross, Benjamin"]
[Black "Swathell, Gary"]
[Result "1/2-1/2"]
[WhiteElo "1432"]
[BlackElo "1500"]
[PlyCount "81"]
[EventDate "2000.09.01"]

1. d4 Nf6 2. c4 d5 3. Nc3 g6 4. cxd5 Nxd5 5. e4 Nxc3 6. bxc3 Bg7 7. f4 c5 8.
Be3 O-O 9. Nf3 Bg4 10. Be2 cxd4 11. Bxd4 Bxd4 12. Qxd4 Qxd4 13. cxd4 Bxf3 14.
Bxf3 Nc6 15. Rd1 Rad8 16. d5 Nb4 17. Rd2 Rc8 18. Ke2 Rc3 19. Rhd1 Rfc8 20. e5
b6 21. d6 exd6 22. exd6 Rd8 23. Rd4 a5 24. Re4 Rcc8 25. Rd2 Rc2 26. Red4 Rxa2
27. d7 Rxd2+ 28. Kxd2 Kf8 29. Bb7 Ke7 30. Bc8 Nc6 31. Re4+ Kf8 32. Kc3 Ne7 33.
Rc4 f5 34. Kb3 b5 35. Rc5 a4+ 36. Kb4 Kf7 37. Kxb5 a3 38. Kb6 a2 39. Ra5 a1=Q
40. Rxa1 Nd5+ 41. Kc6 1/2-1/2

[Event "Michigan Open Reserve"]
[Site "Romulus, MI"]
[Date "2000.09.03"]
[Round "5.36"]
[White "Gross, Benjamin"]
[Black "Jointer, William"]
[Result "1/2-1/2"]
[WhiteElo "1432"]
[BlackElo "1617"]
[PlyCount "87"]
[EventDate "2000.09.01"]

1. d4 g6 2. e4 Bg7 3. Nf3 d6 4. Bc4 Nf6 5. Qe2 O-O 6. O-O b6 7. c3 Nbd7 8. Re1
Bb7 9. Nbd2 c5 10. d5 a6 11. Bd3 b5 12. c4 b4 13. Rb1 a5 14. b3 Qc7 15. Bb2 a4
16. e5 dxe5 17. Nxe5 Rfe8 18. Nxd7 Qxd7 19. f3 a3 20. Ba1 Rad8 21. Ne4 Nxe4 22.
fxe4 e6 23. Bxg7 Kxg7 24. Qc2 Qd6 25. Rbd1 Re7 26. e5 Qd7 27. d6 Ree8 28. Be4
Rf8 29. Bxb7 Qxb7 30. Qe4 Qxe4 31. Rxe4 Rd7 32. g4 f6 33. Kg2 fxe5 34. Rxe5 Kf6
35. Re4 Re8 36. Kg3 Red8 37. Rf1+ Kg7 38. Rxe6 Rxd6 39. Re7+ Kg8 40. Rff7 h6
41. Rg7+ Kf8 42. Rgf7+ Kg8 43. Rg7+ Kh8 44. Rh7+ 1/2-1/2

[Event "Michigan Open Reserve"]
[Site "Romulus, MI"]
[Date "2000.09.03"]
[Round "4.27"]
[White "Griffin, John"]
[Black "Gorman, Jonathan"]
[Result "0-1"]
[WhiteElo "1610"]
[BlackElo "1268"]
[PlyCount "82"]
[EventDate "2000.09.01"]

1. d4 d5 2. c4 c6 3. Nf3 Nf6 4. e3 Bf5 5. Nc3 e6 6. cxd5 Nxd5 7. Nxd5 cxd5 8.
Bb5+ Nc6 9. O-O Bd6 10. a3 O-O 11. Bd3 Be4 12. Bxe4 dxe4 13. Ne1 e5 14. f3 exd4
15. fxe4 Qe7 16. Qg4 Rae8 17. e5 Bxe5 18. exd4 Bxd4+ 19. Kh1 Qxe1 20. Bf4 Qe6
21. Qg3 Be5 22. Qd3 Bxf4 23. Rxf4 Qe3 24. Qf1 Qe2 25. Rf2 Qxf1+ 26. Raxf1 Re7
27. g3 Rfe8 28. Kg1 f6 29. Rd2 Re2 30. Rf2 Rxf2 31. Kxf2 Re7 32. b4 Kf7 33. Rd3
Ne5 34. Rc3 Ke6 35. h3 Kd6 36. Rc8 a6 37. Rc3 Rc7 38. Rb3 Kd5 39. b5 a5 40. g4
a4 41. Rb2 Nd3+ 0-1

[Event "Michigan Open Reserve"]
[Site "Romulus, MI"]
[Date "2000.09.03"]
[Round "5.39"]
[White "Gregg, Ted"]
[Black "Morian, William"]
[Result "1/2-1/2"]
[WhiteElo "1263"]
[BlackElo "1548"]
[PlyCount "79"]
[EventDate "2000.09.01"]

1. f4 d5 2. b3 Nf6 3. e3 e6 4. Bb2 Bd6 5. Nf3 Nbd7 6. Be2 c6 7. O-O Qc7 8. h3
e5 9. fxe5 Nxe5 10. d3 Nxf3+ 11. Bxf3 Be5 12. Bc3 Bxc3 13. Nxc3 O-O 14. Qe1 Qe5
15. e4 dxe4 16. Nxe4 Nxe4 17. Qxe4 Qxe4 18. Bxe4 Be6 19. g4 Rfe8 20. Rae1 Rad8
21. Re2 Bd5 22. Rfe1 Bxe4 23. Rxe4 Rxe4 24. Rxe4 Kf8 25. Kf2 Re8 26. Ke3 Rxe4+
27. Kxe4 Ke7 28. c4 c5 29. Kd5 b6 30. Kc6 g6 31. Kd5 Kf6 32. h4 h5 33. Ke4 hxg4
34. Kf4 g3 35. Kxg3 Kf5 36. Kf3 f6 37. b4 Ke5 38. bxc5 bxc5 39. Ke3 f5 40. a4
1/2-1/2

[Event "Michigan Open Reserve"]
[Site "Romulus, MI"]
[Date "2000.09.03"]
[Round "5.27"]
[White "Gorman, Jonathan"]
[Black "Bostic, Donald"]
[Result "0-1"]
[WhiteElo "1268"]
[BlackElo "1693"]
[PlyCount "56"]
[EventDate "2000.09.01"]

1. c4 g6 2. Nc3 Bg7 3. g3 d6 4. Bg2 Nf6 5. d3 O-O 6. e4 e5 7. Nge2 c6 8. O-O
Be6 9. b3 Qd7 10. Ba3 Bh3 11. d4 Bxg2 12. Kxg2 exd4 13. Nxd4 c5 14. e5 dxe5 15.
Ndb5 Qc6+ 16. Kg1 a6 17. Nd6 Rd8 18. Bxc5 Qxc5 19. Nxb7 Rxd1 20. Nxc5 Rxa1 21.
Rxa1 Nc6 22. Nd5 Nxd5 23. cxd5 Nd4 24. d6 Rd8 25. Nxa6 Rxd6 26. Nc5 Rc6 27. b4
Nc2 28. Rb1 Nxb4 0-1

[Event "Michigan Open"]
[Site "Romulus, MI"]
[Date "2000.09.03"]
[Round "4.2"]
[White "Geisleman, Dennis"]
[Black "Drake, Robert"]
[Result "1-0"]
[WhiteElo "2057"]
[BlackElo "1878"]
[PlyCount "117"]
[EventDate "2000.09.01"]

1. d4 g6 2. e4 Bg7 3. c4 d6 4. Nc3 Nf6 5. f3 O-O 6. Be3 c6 7. Bd3 e5 8. Nge2
Nbd7 9. Qd2 a6 10. O-O b6 11. b4 Qe7 12. Rab1 a5 13. a3 axb4 14. axb4 Rd8 15.
Bg5 Qf8 16. d5 c5 17. bxc5 bxc5 18. Qb2 h6 19. Be3 Nh5 20. Ra1 Rb8 21. Nb5 f5
22. exf5 e4 23. Nec3 exd3 24. g4 Nhf6 25. fxg6 Ne5 26. Qb3 Nxg6 27. h3 Bd7 28.
f4 Ne8 29. Rad1 Qf6 30. Rxd3 Qe7 31. Bd2 Bd4+ 32. Kg2 Nc7 33. Qc2 Nxb5 34. cxb5
Bxb5 35. Nxb5 Qe4+ 36. Kg3 Rxb5 37. Re1 Qxd5 38. Rxd4 Qf7 39. Rde4 Qb3+ 40.
Qxb3+ Rxb3+ 41. R4e3 Rdb8 42. h4 d5 43. h5 d4 44. Rxb3 Rxb3+ 45. Kf2 Rb2 46.
hxg6 Rxd2+ 47. Kf3 c4 48. f5 Rb2 49. Re8+ Kg7 50. Re7+ Kg8 51. Rc7 c3 52. f6
Rb8 53. Ke2 Rd8 54. Kd3 Kh8 55. Rh7+ Kg8 56. Rxh6 Rd5 57. f7+ Kg7 58. Rh7+ Kf8
59. Rh8+ 1-0

[Event "Michigan Open"]
[Site "Romulus, MI"]
[Date "2000.09.03"]
[Round "3.54"]
[White "Garrison, Ray"]
[Black "Dodaj, Gjergj"]
[Result "1/2-1/2"]
[WhiteElo "2002"]
[BlackElo "1926"]
[PlyCount "55"]
[EventDate "2000.09.01"]

1. e4 c6 2. d4 d5 3. exd5 cxd5 4. c4 Nf6 5. Nc3 Nc6 6. Nf3 e6 7. cxd5 Nxd5 8.
Bc4 Bb4 9. Qd3 Qa5 10. Bd2 Qb6 11. Nxd5 Bxd2+ 12. Qxd2 exd5 13. Bxd5 O-O 14.
O-O Bf5 15. Bb3 Rad8 16. Rad1 Rd7 17. Rfe1 h6 18. d5 Na5 19. Bc2 Bxc2 20. Qxc2
Rfd8 21. Rd4 Nc6 22. dxc6 Rxd4 23. Nxd4 Qxd4 24. c7 Rc8 25. Re8+ Rxe8 26. c8=Q
Rxc8 27. Qxc8+ Kh7 28. Qf5+ 1/2-1/2

[Event "Michigan Open Reserve"]
[Site "Romulus, MI"]
[Date "2000.09.03"]
[Round "4.39"]
[White "Frantz, John C"]
[Black "Mose, Greg"]
[Result "0-1"]
[WhiteElo "443"]
[BlackElo "1500"]
[PlyCount "58"]
[EventDate "2000.09.01"]

1. e4 c5 2. Nf3 d6 3. Bb5+ Bd7 4. Bxd7+ Nxd7 5. Ng5 e6 6. d3 Be7 7. Qg4 Ngf6 8.
Qg3 Ne5 9. f4 Nc6 10. f5 exf5 11. exf5 Nd4 12. Na3 Nxf5 13. Qf4 Qd7 14. Qc4 d5
15. Qf4 h6 16. Nf3 Bd6 17. Qd2 Qe7+ 18. Qe2 Qxe2+ 19. Kxe2 O-O 20. Nb5 Rfe8+
21. Kf2 Bb8 22. Re1 Ng4+ 23. Kf1 Rxe1+ 24. Nxe1 Nxh2+ 25. Kg1 a6 26. Nc3 d4 27.
Na4 Ng4 28. Nxc5 Bh2+ 29. Kf1 Ng3# 0-1

[Event "Michigan Open Reserve"]
[Site "Romulus, MI"]
[Date "2000.09.03"]
[Round "2.61"]
[White "Ford, Adam"]
[Black "Jones, Gary"]
[Result "0-1"]
[WhiteElo "817"]
[BlackElo "1777"]
[PlyCount "44"]
[EventDate "2000.09.01"]

1. e4 d5 2. exd5 Nf6 3. Nc3 e6 4. dxe6 Bxe6 5. Nf3 Bc5 6. Be2 Nc6 7. O-O Qd7 8.
Bb5 a6 9. Ne5 Qd6 10. Bxc6+ bxc6 11. Nf3 O-O 12. d3 Bg4 13. h3 Bh5 14. Bg5 Bd4
15. Ne4 Nxe4 16. dxe4 Bxf3 17. Qxf3 Bxb2 18. Rad1 Qe6 19. h4 h6 20. Bf4 Qc4 21.
Qg3 Qxc2 22. Bxc7 Qxe4 {Game does not make sense after this point.} 0-1

[Event "Michigan Open Reserve"]
[Site "Romulus, MI"]
[Date "2000.09.03"]
[Round "4.40"]
[White "Foord, Allan"]
[Black "Frantz, John W"]
[Result "0-1"]
[WhiteElo "1500"]
[BlackElo "1227"]
[PlyCount "150"]
[EventDate "2000.09.01"]

1. e4 c5 2. Nf3 d6 3. d4 cxd4 4. Nxd4 Nf6 5. Nc3 g6 6. Be3 Bg7 7. f3 O-O 8. Qd2
Re8 9. Bc4 Nc6 10. O-O-O Bd7 11. h4 h5 12. Rhe1 Rc8 13. Bb3 Na5 14. Ba4 Nc4 15.
Qe2 Bxa4 16. Nxa4 Kh7 17. Kb1 Qa5 18. Nc3 Qb4 19. Nb3 Nd7 20. Nd5 Qb5 21. Bd4
e6 22. Bxg7 Kxg7 23. Nc3 Qb4 24. Qf2 a5 25. Qd4+ e5 26. Qd5 Rc5 27. a3 Nxa3+
28. Ka2 Rxd5 29. Nxd5 Qc4 30. Kxa3 Qxc2 31. Rd2 Qc8 32. Rc1 Qa8 33. Nc7 Qd8 34.
Nxe8+ Qxe8 35. Rxd6 Qe7 36. Rcd1 Nf6 37. Ka4 Qe8+ 38. Kxa5 Qa8+ 39. Kb4 Ng8 40.
Rd8 Qa6 41. R8d6 Qe2 42. R1d2 Qe1 43. Rb6 Ne7 44. Rxb7 Nc6+ 45. Ka4 Nd4 46. Rd7
Nxb3 47. Kxb3 Qxh4 48. Kc4 Qf4 49. b4 Kh6 50. b5 f5 51. b6 fxe4 52. fxe4 Qxe4+
53. Kc5 Qf5 54. b7 Qf8+ 55. R2d6 e4 56. Rd8 Qf2+ 57. Kc6 Qc2+ 58. Kd7 Qa4+ 59.
Ke7 Qa7 60. R6d7 Qc5+ 61. Ke8 Qe5+ 62. Re7 Qb5+ 63. Rdd7 e3 64. Rxe3 h4 65.
Ree7 Kh5 66. Kd8 Qb6+ 67. Kc8 Qc6+ 68. Rc7 Qxg2 69. b8=Q Qg4+ 70. Kd8 Qd4+ 71.
Rcd7 Qh8+ 72. Kc7 Qc3+ 73. Kb7 h3 74. Rh7+ Kg4 75. Qe5 Qxe5 0-1

[Event "Michigan Open Reserve"]
[Site "Romulus, MI"]
[Date "2000.09.03"]
[Round "5.61"]
[White "Fleeman, Paul"]
[Black "Stojanovski, Zoran"]
[Result "1/2-1/2"]
[WhiteElo "999"]
[BlackElo "1424"]
[PlyCount "96"]
[EventDate "2000.09.01"]

1. d4 d5 2. c4 Nf6 3. Nc3 b6 4. e3 Bb7 5. Nf3 g6 6. cxd5 Nxd5 7. e4 Nxc3 8.
bxc3 Bxe4 9. Bd3 Bxd3 10. Qxd3 Bg7 11. O-O O-O 12. Bf4 e5 13. Bg5 f6 14. Be3
exd4 15. cxd4 Nd7 16. Qd2 Re8 17. Rac1 c5 18. dxc5 Nxc5 19. Rfd1 Qxd2 20. Rxd2
Rad8 21. Rcd1 Rxd2 22. Rxd2 a5 23. a3 Nb3 24. Rd3 a4 25. Bxb6 g5 26. g3 g4 27.
Nh4 Rb8 28. Bc7 Nc5 29. Rd4 Rb1+ 30. Kg2 Ne6 31. Rxg4 Nxc7 32. Nf5 Ne6 33. Rxa4
Kf7 34. Ra7+ Kg6 35. Nh4+ Kh6 36. Ra6 Nc5 37. Ra7 Ne6 38. Ra5 Bf8 39. Rf5 Kg7
40. Ra5 Ra1 41. a4 Bc5 42. Ra6 Nc7 43. Rc6 Bxf2 44. Kxf2 Nd5 45. Kg2 Rxa4 46.
Nf5+ Kg6 47. Nh4+ Kg7 48. Nf5+ Kg6 1/2-1/2

[Event "Michigan Open"]
[Site "Romulus, MI"]
[Date "2000.09.03"]
[Round "2.50"]
[White "Fischvogt, Eric"]
[Black "Torman, Eric"]
[Result "1-0"]
[WhiteElo "2200"]
[BlackElo "2492"]
[PlyCount "46"]
[EventDate "2000.09.01"]

1. d4 Nf6 2. Bg5 Ne4 3. Bf4 c5 4. d5 d6 5. f3 Nf6 6. e4 g6 7. Nc3 Bg7 8. Qd2 a6
9. a4 O-O 10. Nge2 Nbd7 11. Bh6 Bxh6 12. Qxh6 b5 13. axb5 Ne5 14. Ng3 Qb6 15.
Qd2 e6 16. f4 Ned7 17. dxe6 fxe6 18. Bc4 Re8 19. O-O Qb8 20. bxa6 Nb6 21. Bb5
Rf8 22. f5 Nfd7 23. fxg6 hxg6 1-0

[Event "Michigan Open Reserve"]
[Site "Romulus, MI"]
[Date "2000.09.03"]
[Round "2.67"]
[White "Finegold, Spencer"]
[Black "Stojanovski, Zoran"]
[Result "1/2-1/2"]
[WhiteElo "952"]
[BlackElo "1424"]
[PlyCount "43"]
[EventDate "2000.09.01"]

1. d4 d5 2. c4 Nf6 3. Nc3 b6 4. cxd5 Nxd5 5. e4 Nxc3 6. bxc3 g6 7. Bd3 Bg7 8.
Nf3 O-O 9. O-O Bg4 10. h3 Be6 11. Bf4 Bc8 12. e5 Bb7 13. Re1 Nc6 14. Qd2 e6 15.
Bh6 Ne7 16. Bxg7 Kxg7 17. Be4 Bxe4 18. Rxe4 Qd5 19. Rae1 Qc4 20. R1e2 Nd5 21.
Rg4 Nxc3 22. Re3 1/2-1/2

[Event "Michigan Open"]
[Site "Romulus, MI"]
[Date "2000.09.03"]
[Round "2.52"]
[White "Finegold, Ron"]
[Black "Calton, Bill"]
[Result "0-1"]
[WhiteElo "2024"]
[BlackElo "2221"]
[Annotator "Bob Ciaffone"]
[PlyCount "36"]
[EventDate "2000.09.01"]

{In this game white plays what should be a solid line. But he loses time with
the queen, then makes a blunder of a piece, and black wins in fourteen moves.} 
1. Nf3 d5 2. g3 {I like 2.c4, but most 1.Nf3 players are looking to get out of
the books, and so play this move steering for a Kings Indian Attack position.}
Nc6 {Calton plays an unusual move, but his Chigorin Defense background means
it is not that surprising.} 3. d4 {No sense allowing 3...e5.} Bg4 4. Bg2 e6 5.
O-O Nf6 6. Ne5 {I am suspicious of this move.} Nxe5 7. dxe5 Nd7 {Calton also
plays the French, so I imagine he was quite comfortable here.} 8. c4 c6 9. cxd5
cxd5 10. h3 Bf5 {White's e5 pawn does not cramp his opponent because black's
white-squared bishop is outside the pawn chain.} 11. Qa4 {This move works out
poorly.} a6 12. e4 b5 13. Qc2 Rc8 14. Qe2 {Black got a rook to the c-file with
tempo on the queen, and is betterdeveloped than white now.} dxe4 15. g4 {A
weakness, of course, but otherwise the h-pawn drops when white takes on e4.}
Bg6 16. Bxe4 Bxe4 17. Qxe4 h5 18. g5 $2 {White understandably wants to keep
the h-file closed, but overlooks a tactic. After a move like 18.Nc3 black
would be doing well, but have nothing immediate.} Rxc1 $1 {This wins a piece
because 19.Rxc1 runs into 19...Qg5+ winning the rook.} 0-1

[Event "Michigan Open"]
[Site "Romulus, MI"]
[Date "2000.09.03"]
[Round "5.1"]
[White "Finegold, Ben"]
[Black "Geisleman, Dennis"]
[Result "1-0"]
[WhiteElo "2562"]
[BlackElo "2057"]
[PlyCount "49"]
[EventDate "2000.09.01"]

1. d4 d6 2. Nf3 Bg4 3. e4 e5 4. dxe5 Nd7 5. exd6 Bxd6 6. Nc3 Ngf6 7. Bg5 h6 8.
Bh4 Qe7 9. Bd3 Bb4 10. h3 Bh5 11. g4 Bg6 12. O-O Bxc3 13. bxc3 O-O-O 14. Re1
Ne5 15. Bg3 Nxf3+ 16. Qxf3 Qc5 17. c4 h5 18. e5 hxg4 19. hxg4 Nd7 20. e6 Nf6
21. g5 Bxd3 22. cxd3 Qxg5 23. Rab1 Rxd3 24. Qxb7+ Kd8 25. Qxc7+ 1-0

[Event "Michigan Open Reserve"]
[Site "Romulus, MI"]
[Date "2000.09.03"]
[Round "5.29"]
[White "Dunlap, Robert"]
[Black "Pankov, Andrei"]
[Result "0-1"]
[WhiteElo "1642"]
[BlackElo "1042"]
[PlyCount "78"]
[EventDate "2000.09.01"]

1. Nf3 c5 2. c4 Nc6 3. Nc3 g6 4. g3 Bg7 5. Bg2 e6 6. O-O Nge7 7. d3 O-O 8. Bf4
d5 9. cxd5 Nxd5 10. Nxd5 exd5 11. Rc1 b6 12. Qd2 Bb7 13. Bh6 d4 14. Bxg7 Kxg7
15. a3 Qe7 16. Rc2 Rfe8 17. Re1 Rac8 18. Qf4 Qc7 19. Qxc7 Rxc7 20. Nd2 f5 21.
Nc4 Re6 22. Bd5 Ree7 23. e3 dxe3 24. fxe3 Na5 25. Bxb7 Nxc4 26. Ba6 Nxe3 27.
Rce2 Nd5 28. Bc4 Rxe2 29. Rxe2 Ne7 30. Kf2 Nc6 31. Re8 Nd4 32. h3 b5 33. Ba2 c4
34. Rd8 Nc6 35. Rd6 cxd3 36. Rxd3 Ne5 37. Rc3 Rxc3 38. bxc3 Nc4 39. Bxc4 bxc4
0-1

[Event "Michigan Open Reserve"]
[Site "Romulus, MI"]
[Date "2000.09.03"]
[Round "4.44"]
[White "Dolin, Jack"]
[Black "Hershberger, Kent"]
[Result "0-1"]
[WhiteElo "1314"]
[BlackElo "1024"]
[PlyCount "118"]
[EventDate "2000.09.01"]

1. d4 Nf6 2. c4 e6 3. Bg5 b6 4. e4 h6 5. Bxf6 Qxf6 6. Nc3 Bb4 7. e5 Qf4 8. Nge2
Qe4 9. a3 Bxc3+ 10. bxc3 Ba6 11. Qa4 O-O 12. O-O-O c5 13. h4 cxd4 14. cxd4 Rc8
15. Nc3 Qf4+ 16. Kc2 Qxf2+ 17. Rd2 Qe1 18. Re2 Qg3 19. Rh3 Qg6+ 20. Re4 Bb7 21.
d5 exd5 22. cxd5 Bxd5 23. Rhe3 Bxe4+ 24. Qxe4 Qxe4+ 25. Rxe4 Nc6 26. g3 Re8 27.
Bg2 Rac8 28. Bh3 Rcd8 29. Nb5 Rxe5 30. Rxe5 Nxe5 31. Nd6 Kf8 32. Kb3 Ke7 33.
Nf5+ Kf6 34. Nd6 g5 35. Ne4+ Ke7 36. hxg5 hxg5 37. Nxg5 d5 38. Bg2 d4 39. Ne4
d3 40. Nd2 Rg8 41. Nf1 a5 42. Kc3 Rc8+ 43. Kd4 Kd6 44. Be4 Rc1 45. Nd2 Rd1 46.
Ke3 Re1+ 47. Kd4 Ra1 48. Bxd3 Nxd3 49. Nc4+ Kc6 50. Kxd3 Kb5 51. Nd6+ Ka4 52.
Ke4 Kxa3 53. Nc4+ Kb4 54. Nxb6 a4 55. Nd5+ Kb3 56. g4 Re1+ 57. Ne3 a3 58. Kf3
Rxe3+ 59. Kxe3 a2 0-1

[Event "Michigan Open"]
[Site "Romulus, MI"]
[Date "2000.09.03"]
[Round "2.55"]
[White "Dodaj, Gjergj"]
[Black "Morabito, Matthew"]
[Result "1-0"]
[WhiteElo "1926"]
[BlackElo "1851"]
[PlyCount "53"]
[EventDate "2000.09.01"]

1. e4 e5 2. Nf3 d6 3. Bc4 g6 4. d4 Nd7 $2 5. dxe5 ({Attractive but messy is:} 
5. Ng5 Nh6 6. Bxf7+ Nxf7 7. Ne6 Qh4 8. Nxc7+ Kd8 9. Nxa8 Qxe4+ 10. Qe2 Qxg2)
5... dxe5 6. Nc3 $6 ({Winning is:} 6. Bxf7+ $1 Kxf7 7. Ng5+ Ke8 8. Ne6 Qh4 9.
Qf3) 6... Bg7 $2 (6... c6 {was necessary}) 7. Bxf7+ $1 {now the sac is even
stronger} Kxf7 8. Ng5+ Ke8 9. Ne6 Qe7 10. Nd5 Qxe6 11. Nxc7+ Ke7 12. Nxe6 Kxe6
13. Qd5+ Ke7 14. Bg5+ Ngf6 15. O-O-O h6 16. Qd6+ Kf7 17. Bd2 Re8 18. f3 Nb6 19.
Bb4 Be6 20. Qc7+ Kg8 21. b3 Rec8 22. Qxb7 Rab8 23. Qxa7 h5 24. Bd6 Bh6+ 25. Kb1
Nc4 26. Bxb8 Be3 27. Qb7 1-0

[Event "Michigan Open"]
[Site "Romulus, MI"]
[Date "2000.09.03"]
[Round "4.52"]
[White "Dodaj, Gjergj"]
[Black "Baze, Lineas"]
[Result "0-1"]
[WhiteElo "1926"]
[BlackElo "2088"]
[PlyCount "58"]
[EventDate "2000.09.01"]

1. e4 c5 2. Nf3 Nc6 3. d4 cxd4 4. Nxd4 Nf6 5. Nc3 e5 6. Ndb5 d6 7. Bg5 a6 8.
Na3 b5 9. Bxf6 gxf6 10. Nd5 Bg7 11. c3 Ne7 12. Nc2 O-O 13. Nce3 Nxd5 14. Nxd5
f5 15. Bd3 Be6 16. Qh5 Bxd5 17. exd5 e4 18. Bc2 Qf6 19. O-O b4 20. f3 bxc3 21.
fxe4 cxb2 22. Rae1 Qc3 23. Bb1 Be5 24. exf5 f6 25. g4 Ra7 26. g5 Rg7 27. g6
Qd4+ 28. Kh1 Qd2 29. Re2 Qg5 0-1

[Event "Michigan Open Reserve"]
[Site "Romulus, MI"]
[Date "2000.09.03"]
[Round "5.54"]
[White "Culverson, Javin"]
[Black "Foord, Allan"]
[Result "0-1"]
[WhiteElo "936"]
[BlackElo "1500"]
[PlyCount "52"]
[EventDate "2000.09.01"]

1. e4 c5 2. Nf3 d6 3. d4 cxd4 4. Nxd4 a6 5. Nc3 e6 6. Bc4 Nf6 7. O-O Be7 8. Bg5
Qc7 9. Bb3 Nbd7 10. a3 b5 11. f4 Qc5 12. Kh1 Bb7 13. f5 e5 14. Bxf7+ Kxf7 15.
Ne6 Qc4 16. Bxf6 Nxf6 17. Nd5 Bxd5 18. exd5 Qxd5 19. Nc7 Qxd1 20. Raxd1 Ra7 21.
Nd5 Nxd5 22. Rxd5 Rc7 23. c3 Rc5 24. Rxc5 dxc5 25. b4 Rd8 26. Rf3 Rd1+ 0-1